Asphalt in Hydraulics / (Record no. 1716)

000 -LEADER
fixed length control field 00231 a2200085 4500
082 ## - DEWEY DECIMAL CLASSIFICATION NUMBER
Classification number 665.5388 ASP
245 ## - TITLE STATEMENT
Title Asphalt in Hydraulics /
Statement of responsibility, etc. Asphalt Insititute
260 ## - PUBLICATION, DISTRIBUTION, ETC.
Place of publication, distribution, etc. Maryland :
Date of publication, distribution, etc. Asphalt Insititute,
Name of publisher, distributor, etc. 1976
300 ## - PHYSICAL DESCRIPTION
Extent 67p. :
Other physical details ill. ;
Dimensions 26cm
650 ## - SUBJECT ADDED ENTRY--TOPICAL TERM
Topical term or geographic name entry element asphalt
Holdings
Withdrawn status Lost status Damaged status Not for loan Permanent Location Current Location Shelving location Total Checkouts Full call number Barcode Date last seen Price effective from Koha item type Date acquired
        Central Library (CL) Central Library (CL)     665.5388 ASP NIT-2446 01/05/2017 01/05/2017 Book  
        School of Civil and Environmental Engineering (SCEE) School of Civil and Environmental Engineering (SCEE)       NIT-2447 01/05/2017 01/05/2017 Book  
© 2023 Central Library, National University of Sciences and Technology. All Rights Reserved.